000 00925nam a2200289 a 4500
001 70096
003 BD-RjUL
005 20211209081949.0
008 170416s1986 nyua b 001 0 eng
020 _a0471874485
035 _a(BD-RjUL)
040 _aDLC
_cDLC
_dDLC
_dBD-RjUL
_beng
041 _aeng
082 0 0 _223
_a541.393
_bFEL 1986
100 1 _aFehlner, F. P.
_9207605
245 1 0 _aLow-temperature oxidation :
_bthe role of vitreous oxides /
_cFrancis P. Fehlner.
260 _aNew York :
_bWiley,
_cc1986.
300 _axxiv, 257 p. :
_bill. ;
_c24 cm.
500 _a"Sponsored by the Electrochemical Society, Inc."
504 _aIncludes bibliographies and index.
650 0 _aOxidation.
_9207593
650 0 _aMetallic oxides.
_9207607
710 2 _aElectrochemical Society.
_9207608
830 _aCorrosion monograph series,
_9207606
942 _2ddc
_cBK
999 _c70096
_d70096